[Event "ICS rated standard match"]
[Site "204.178.125.65"]
[Date "2001.08.14"]
[Round "?"]
[White "Hossa"]
[Black "monsoon"]
[Result "1-0"]
[WhiteElo "2156"]
[BlackElo "2396"]
[PlyCount "92"]
[EventDate "2001.??.??"]

1. c4 Nf6 2. Nc3 g6 3. g3 Bg7 4. Nf3 O-O 5. Bg2 d6 6. O-O Nc6 7. d4 a6 8. Bg5
h6 9. Bd2 e5 10. dxe5 dxe5 11. Qc1 h5 12. Rd1 Be6 13. Bg5 Qb8 14. Bxf6 Bxf6 15.
Ng5 Bf5 16. Bxc6 bxc6 17. b3 Qb4 18. Nge4 Bg7 19. Qe3 Rad8 20. Qc5 Qxc5 21.
Nxc5 e4 22. Rac1 Rxd1+ 23. Nxd1 a5 24. Nb7 Bg4 25. Rc2 a4 26. bxa4 Rb8 27. Nc5
Rb1 28. Rd2 Bxe2 29. Rxe2 Rxd1+ 30. Kg2 f5 31. a5 Bd4 32. Nb3 Ba7 33. Rd2 Rxd2
34. Nxd2 Kf7 35. h4 Ke6 36. a6 Kd6 37. Nb3 c5 38. a4 c6 39. Kf1 Kc7 40. a5 Kc8
41. Ke2 Kc7 42. Ke3 Kd8 43. Kf4 Ke7 44. Kg5 Kf7 45. Nc1 Bb8 46. Ne2 Ke6 {
monsoon resigns} 1-0

[Event "ICS rated blitz match"]
[Site "204.178.125.65"]
[Date "2001.08.15"]
[Round "?"]
[White "QuarkX"]
[Black "Hossa"]
[Result "1-0"]
[WhiteElo "2675"]
[BlackElo "2577"]
[PlyCount "94"]
[EventDate "2001.??.??"]

1. d4 Nf6 2. c4 e6 3. Nf3 b6 4. g3 Ba6 5. b3 d5 6. cxd5 exd5 7. Bg2 Bd6 8. Ne5
Qe7 9. Nc3 c6 10. Bb2 O-O 11. f4 Bc8 12. Qd3 a5 13. O-O Ba6 14. Qf5 Ra7 15. a3
Bc8 16. Qc2 Rd8 17. e4 Bxe5 18. fxe5 Ng4 19. Rfe1 dxe4 20. Bxe4 g6 21. Na4 Rb7
22. h3 Nh6 23. Qd2 Nf5 24. g4 Ng3 25. Bg2 b5 26. Nc3 b4 27. axb4 axb4 28. Na4
h5 29. Qe3 h4 30. Qh6 Ra7 31. d5 cxd5 32. e6 d4 33. exf7+ Qxf7 34. Qxh4 Qc7 35.
Qf6 Bxg4 36. hxg4 Kh7 37. Bxd4 Rxd4 38. Qxd4 Na6 39. Re3 Kh6 40. Kf2 Qg7 41.
g5+ Kh7 42. Qxg7+ Kxg7 43. Kxg3 Rf7 44. Nb6 Nc5 45. Bd5 Nd7 46. Nxd7 Rxd7 47.
Re8 Rf7 {Hossa resigns} 1-0

[Event "ICS rated blitz match"]
[Site "204.178.125.65"]
[Date "2001.08.15"]
[Round "?"]
[White "Hossa"]
[Black "EduardoLimp"]
[Result "1-0"]
[WhiteElo "2565"]
[BlackElo "2298"]
[PlyCount "33"]
[EventDate "2001.??.??"]

1. e4 c5 2. Nf3 d6 3. d4 cxd4 4. Nxd4 Nf6 5. Nc3 Nc6 6. Be2 e5 7. Nf3 h6 8. O-O
Be7 9. Be3 O-O 10. Qc1 Be6 11. Nd2 d5 12. exd5 Nxd5 13. Nxd5 Bxd5 14. c3 Qc7
15. Rd1 Rad8 16. Qc2 f5 17. Nf3 {EduardoLimp resigns} 1-0

[Event "ICS rated blitz match"]
[Site "204.178.125.65"]
[Date "2001.08.15"]
[Round "?"]
[White "Themanfromrio"]
[Black "Hossa"]
[Result "1/2-1/2"]
[WhiteElo "2051"]
[BlackElo "2571"]
[PlyCount "54"]
[EventDate "2001.??.??"]

1. e4 c5 2. Nf3 d6 3. d4 cxd4 4. Nxd4 Nf6 5. f3 e5 6. Bb5+ Bd7 7. Bxd7+ Qxd7 8.
Nf5 g6 9. Bg5 Nxe4 10. fxe4 gxf5 11. Nc3 Nc6 12. Nd5 Bg7 13. Bf6 Kf8 14. O-O
fxe4 15. Qh5 Bxf6 16. Rxf6 Rg8 17. Qxh7 Nd4 18. Raf1 Ne2+ 19. Kh1 Nf4 20. Qh6+
Rg7 21. Qh8+ Rg8 22. Qh6+ Rg7 23. Qh8+ Rg8 24. Qh6+ Rg7 25. Qh8+ Rg8 26. Qh6+
Rg7 27. Qh8+ Rg8 {Game drawn by repetition} 1/2-1/2

[Event "ICS rated blitz match"]
[Site "204.178.125.65"]
[Date "2001.08.15"]
[Round "?"]
[White "Hossa"]
[Black "PostModernist"]
[Result "0-1"]
[WhiteElo "2557"]
[BlackElo "2591"]
[PlyCount "100"]
[EventDate "2001.??.??"]

1. d4 Nf6 2. c4 c6 3. Nc3 d5 4. Nf3 e6 5. Bg5 h6 6. Bxf6 Qxf6 7. e3 Nd7 8. Bd3
dxc4 9. Bxc4 g6 10. Qd2 Bg7 11. O-O-O O-O 12. h4 c5 13. Ne4 Qe7 14. h5 cxd4 15.
Nxd4 Nb6 16. Bb3 gxh5 17. Kb1 e5 18. Nc2 Qc7 19. Nd6 a5 20. Na3 a4 21. Bc2 Rd8
22. Nab5 Qe7 23. Qd3 Bd7 24. Qe4 Bxb5 25. Nxb5 Qc5 26. Bd3 Nd5 27. Rc1 Qb6 28.
Rhd1 Ra5 29. Na3 Nf6 30. Qh4 Raa8 31. Bf5 Rxd1 32. Rxd1 e4 33. Rc1 Qb4 34. Nc2
Qb5 35. Nd4 Qd3+ 36. Rc2 Qf1+ 37. Rc1 Qxg2 38. Bc8 b6 39. Nf5 a3 40. b3 Ra5 41.
b4 Rb5 42. Ne7+ Kh8 43. Nc6 Qf3 44. Bb7 Qe2 45. Rc2 Qd1+ 46. Rc1 Qd2 47. Qxf6
Bxf6 48. Rc2 Rxb4+ 49. Nxb4 Qxb4+ 50. Kc1 Qe1# {Hossa checkmated} 0-1

[Event "ICS rated blitz match"]
[Site "204.178.125.65"]
[Date "2001.08.15"]
[Round "?"]
[White "PostModernist"]
[Black "Hossa"]
[Result "1/2-1/2"]
[WhiteElo "2605"]
[BlackElo "2543"]
[PlyCount "111"]
[EventDate "2001.??.??"]

1. e4 c5 2. Nc3 Nc6 3. Nf3 d6 4. d4 cxd4 5. Nxd4 Nf6 6. Bg5 e6 7. Qd2 Be7 8.
O-O-O Nxd4 9. Qxd4 O-O 10. e5 dxe5 11. Qxe5 Bd7 12. h4 Qc8 13. Be2 Rd8 14. g4
Qc6 15. Qg3 Rac8 16. Bb5 Qc7 17. Bxd7 Rxd7 18. Rxd7 Qxd7 19. Rd1 Qc6 20. f3 h6
21. Bxf6 Bxf6 22. Rd3 Qa6 23. g5 hxg5 24. hxg5 Bxc3 25. Rxc3 Rxc3 26. bxc3 Qf1+
27. Kd2 Qb5 28. a4 Qd5+ 29. Ke2 Qc4+ 30. Kd2 Qxa4 31. Qb8+ Kh7 32. Qxb7 Qf4+
33. Ke2 Qf5 34. Qxa7 Qxc2+ 35. Kf1 Qd3+ 36. Kg2 Kg6 37. Qc5 Qd2+ 38. Kf1 Qxg5
39. Qc7 Qd2 40. c4 f5 41. c5 Qd1+ 42. Kf2 Qc2+ 43. Kf1 Qd3+ 44. Kf2 Kf6 45. Qc8
Qd2+ 46. Kg3 Qe1+ 47. Kg2 Ke5 48. Qb8+ Kd5 49. Qd6+ Kc4 50. c6 Qe2+ 51. Kg3 g5
52. c7 Qe1+ 53. Kg2 Qe2+ 54. Kg3 Qe1+ 55. Kg2 Qe2+ 56. Kg3 {
Game drawn by repetition} 1/2-1/2

[Event "ICS rated blitz match"]
[Site "204.178.125.65"]
[Date "2001.08.15"]
[Round "?"]
[White "Hossa"]
[Black "motorhome"]
[Result "1-0"]
[WhiteElo "2546"]
[BlackElo "2196"]
[PlyCount "35"]
[EventDate "2001.??.??"]

1. d4 Nf6 2. Nf3 g6 3. Nc3 Bg7 4. e4 d6 5. Bd3 O-O 6. O-O Nbd7 7. Re1 e5 8.
dxe5 Nxe5 9. Nxe5 dxe5 10. Bg5 h6 11. Bd2 Be6 12. Qc1 Kh7 13. Be3 Ng4 14. Bc5
b6 15. Bxf8 Qh4 16. Bxg7 Qxf2+ 17. Kh1 Qh4 18. Bxe5 {motorhome resigns} 1-0

[Event "ICS rated blitz match"]
[Site "204.178.125.65"]
[Date "2001.08.15"]
[Round "?"]
[White "Florina"]
[Black "Hossa"]
[Result "0-1"]
[WhiteElo "2197"]
[BlackElo "2550"]
[PlyCount "94"]
[EventDate "2001.??.??"]

1. e4 c5 2. d4 cxd4 3. c3 g6 4. cxd4 d5 5. e5 Bg7 6. Nc3 Nc6 7. Nf3 Nh6 8. Be2
O-O 9. O-O Nf5 10. a3 f6 11. exf6 Bxf6 12. h3 Ncxd4 13. Nxd4 Nxd4 14. Bh6 Rf7
15. Bd3 e5 16. Nb5 e4 17. Be2 Nxb5 18. Bxb5 Bxb2 19. Rb1 Bxa3 20. Re1 Be6 21.
Qb3 Bc5 22. Rxe4 Bxf2+ 23. Kh1 dxe4 24. Qxe6 Qe7 25. Bc4 Qxe6 26. Bxe6 e3 27.
Rxb7 e2 28. Bxf7+ Kh8 29. Bd2 e1=Q+ 30. Bxe1 Bxe1 31. g4 a5 32. Kg2 a4 33. Ba2
a3 34. Rb1 Re8 35. Bf7 Re2+ 36. Kf3 Rf2+ 37. Ke3 Rxf7 38. Rb8+ Kg7 39. Ke2 Ra7
40. Kxe1 a2 41. Ke2 a1=Q 42. Kd3 Ra3+ 43. Ke4 Qe1+ 44. Kd5 Qd2+ 45. Kc6 Rc3+
46. Kb6 Qb2+ 47. Ka6 Ra3# {Florina checkmated} 0-1

[Event "ICS rated blitz match"]
[Site "204.178.125.65"]
[Date "2001.08.15"]
[Round "?"]
[White "Hossa"]
[Black "Florina"]
[Result "1-0"]
[WhiteElo "2554"]
[BlackElo "2193"]
[PlyCount "113"]
[EventDate "2001.??.??"]

1. e4 c6 2. Nc3 d5 3. Be2 dxe4 4. Nxe4 Nf6 5. d3 Nxe4 6. dxe4 Qxd1+ 7. Bxd1 e5
8. Be3 Be6 9. Nf3 Nd7 10. Ng5 Ke7 11. Nxe6 Kxe6 12. Bg4+ Ke7 13. Rd1 Nf6 14.
Bg5 h6 15. Rd7+ Ke8 16. Bxf6 gxf6 17. Rxb7 Bc5 18. Bd7+ Kf8 19. Bxc6 Rc8 20.
Bd5 Be7 21. c3 Rg8 22. g3 a6 23. Ra7 Rb8 24. b3 Rc8 25. Bc4 Rg4 26. f3 Rg7 27.
Bxa6 Rd8 28. a4 h5 29. Ke2 h4 30. g4 Bc5 31. Rc7 Bb6 32. Rc6 Ba7 33. Rxf6 Ke7
34. Rf5 Bb8 35. Rh5 Rg6 36. Bc4 Rgd6 37. Rxe5+ Kf8 38. Bd5 Rc8 39. Rh5 Rxc3 40.
Rh8+ Ke7 41. Rxb8 Rc2+ 42. Kd3 Rf2 43. Rb7+ Kd8 44. Rxf7 Rb6 45. f4 Rf3+ 46.
Kd4 Rd6 47. e5 Rd7 48. Rxd7+ Kxd7 49. Bxf3 Ke7 50. Bd5 Kf8 51. Rc1 Ke7 52. Rc7+
Kd8 53. Rf7 Ke8 54. Kc5 Kd8 55. Kd6 Ke8 56. Rg7 Kf8 57. Rg8# {
Florina checkmated} 1-0

[Event "ICS Rated standard match"]
[Site "204.178.125.65"]
[Date "2001.08.15"]
[Round "?"]
[White "Butcher"]
[Black "Hossa"]
[Result "1-0"]
[WhiteElo "2154"]
[BlackElo "2182"]
[PlyCount "149"]
[EventDate "2001.??.??"]

1. d4 Nf6 2. c4 e6 3. Nf3 b6 4. a3 Be7 5. Nc3 Bb7 6. d5 exd5 7. cxd5 O-O 8. e4
Re8 9. Bd3 c6 10. O-O cxd5 11. exd5 Na6 12. d6 Bxd6 13. Bxa6 Bxa6 14. Qxd6 Bxf1
15. Kxf1 Re6 16. Qd4 h6 17. Bf4 a6 18. Rd1 Ra7 19. Be5 Ne8 20. Nd5 Rb7 21. Kg1
Qc8 22. Qg4 d6 23. Bd4 Re1+ 24. Rxe1 Qxg4 25. Rxe8+ Kh7 26. Nxb6 Rc7 27. Re1
Qf5 28. h3 Rc2 29. b4 Qd3 30. Re7 Kg8 31. Re3 Rc1+ 32. Kh2 Qc2 33. Re8+ Kh7 34.
Nd7 f6 35. Re7 Kh8 36. Be3 Ra1 37. Nd4 Qb1 38. Re8+ Kh7 39. Nf8+ Kg8 40. Nfe6+
Kh7 41. Re7 Kh8 42. Re8+ Kh7 43. Re7 Kh8 44. Rxg7 Qh1+ 45. Kg3 Rg1 46. Kf3 h5
47. Rg6 Ra1 48. Rxf6 Rxa3 49. Nf5 Qb1 50. Ng5 Kg8 51. Ne7+ Kg7 52. Rf7+ Kh6 53.
Rh7+ Qxh7 54. Nxh7+ Kxh7 55. Nd5 a5 56. bxa5 Rxa5 57. Ke4 Kg6 58. g4 Ra4+ 59.
Bd4 Kg5 60. f4+ Kh4 61. g5 Ra2 62. g6 Re2+ 63. Ne3 Ra2 64. f5 Kg5 65. g7 Ra8
66. f6 Kg6 67. Nc4 d5+ 68. Kxd5 Rg8 69. Nd6 Rd8 70. Ke4 Rg8 71. f7 Kg5 72.
fxg8=Q Kh4 73. Qe6 Kg3 74. g8=Q+ Kh4 75. Bf2# {Hossa checkmated} 1-0

[Event "ICS rated blitz match"]
[Site "204.178.125.65"]
[Date "2001.08.15"]
[Round "?"]
[White "Tinker"]
[Black "Hossa"]
[Result "1-0"]
[WhiteElo "2356"]
[BlackElo "2534"]
[PlyCount "66"]
[EventDate "2001.??.??"]

1. e4 c5 2. Nf3 d6 3. d4 cxd4 4. Nxd4 Nf6 5. Nc3 g6 6. Be3 Bg7 7. Be2 O-O 8.
O-O Re8 9. f4 d5 10. e5 Ne4 11. Nxe4 dxe4 12. Qe1 Bd7 13. Qf2 a6 14. e6 fxe6
15. Bg4 Qc8 16. c3 a5 17. Qc2 Bxd4 18. Bxd4 Bc6 19. Qf2 Bb5 20. Rfe1 Bd3 21.
Rad1 Qc4 22. Rxd3 b6 23. Rde3 e5 24. Rxe4 h5 25. Bxe5 Qxa2 26. Qxb6 Ra6 27. Qb5
Qf7 28. Bh3 Kf8 29. Bxb8 Ra8 30. Bc7 Ra7 31. Be6 Qg7 32. Bxa5 h4 33. Bb4 Rd8 {
Hossa resigns} 1-0

[Event "ICS rated bullet match"]
[Site "204.178.125.65"]
[Date "2001.08.15"]
[Round "?"]
[White "Hossa"]
[Black "monsoon"]
[Result "1-0"]
[WhiteElo "2461"]
[BlackElo "2331"]
[PlyCount "171"]
[EventDate "2001.??.??"]

1. d4 Nf6 2. Nf3 g6 3. c4 Bg7 4. Nc3 d5 5. cxd5 Nxd5 6. e4 Nxc3 7. bxc3 c5 8.
Rb1 O-O 9. Bc4 Nc6 10. Bd5 cxd4 11. cxd4 Bg4 12. Be3 e6 13. Bxc6 bxc6 14. O-O
Qa5 15. Qe2 Bxf3 16. gxf3 Qh5 17. Rfc1 e5 18. Rc5 Rab8 19. Rd1 Rbd8 20. Re1 Kh8
21. a4 Rc8 22. dxe5 Bxe5 23. f4 Qxe2 24. Rxe2 Bd6 25. Ra5 Bb8 26. Bxa7 Bxf4 27.
Bd4+ Kg8 28. Bf6 Rc7 29. Rc5 Rb8 30. Rec2 Rb6 31. a5 Ra6 32. Kg2 Bd6 33. R5c4
Be7 34. Bxe7 Rxe7 35. Ra2 c5 36. Rxc5 Rxe4 37. Kf3 Ree6 38. Ra4 Kg7 39. Rb5 f5
40. Rd5 Rec6 41. Ke3 Kf6 42. h4 Rc3+ 43. Rd3 Rc2 44. Kf3 Rc5 45. Rda3 Ke6 46.
Kf4 Kf6 47. Ra1 Rcc6 48. R1a2 h6 49. Ke3 Rc3+ 50. Kd4 Rc7 51. Rc4 Rd6+ 52. Kc3
Rcd7 53. a6 Ra7 54. Rca4 Rc7+ 55. Kb3 Rb6+ 56. Rb4 Rbc6 57. Ra5 Ra7 58. Rba4
Ke6 59. Ra1 Rcc7 60. Rg1 Kf6 61. Kb4 Rc2 62. Rg2 Re2 63. Kb5 Rd7 64. Kc6 Ree7
65. f4 Rc7+ 66. Kb6 Red7 67. Rc5 Rxc5 68. Kxc5 Re7 69. Ra2 Ra7 70. Kb6 Ra8 71.
Kb7 Rd8 72. a7 g5 73. hxg5+ hxg5 74. Ra6+ Ke7 75. Rc6 gxf4 76. Rc8 Rd3 77. a8=Q
f3 78. Rc7+ Ke6 79. Qc8+ Ke5 80. Re7+ Kd4 81. Rd7+ Ke4 82. Qc4+ Ke5 83. Qxd3
Kf4 84. Qd6+ Kg5 85. Rg7+ Kh5 86. Qh2# {monsoon checkmated} 1-0

[Event "ICS rated bullet match"]
[Site "204.178.125.65"]
[Date "2001.08.15"]
[Round "?"]
[White "monsoon"]
[Black "Hossa"]
[Result "1-0"]
[WhiteElo "2321"]
[BlackElo "2471"]
[PlyCount "103"]
[EventDate "2001.??.??"]

1. d4 Nf6 2. c4 g6 3. Nc3 Bg7 4. e4 O-O 5. Be3 d6 6. f3 Bd7 7. Bd3 e5 8. dxe5
dxe5 9. Nge2 Nc6 10. O-O Qe7 11. Nd5 Nxd5 12. cxd5 Nd4 13. Qd2 a6 14. Rac1 Rac8
15. Nxd4 exd4 16. Bh6 Rfd8 17. Bxg7 Kxg7 18. Be2 Qf6 19. Qb4 Qb6 20. Qxb6 cxb6
21. Rfd1 Rxc1 22. Rxc1 Rc8 23. Rxc8 Bxc8 24. Kf2 Kf6 25. f4 Kg7 26. Bd3 Kf8 27.
Kf3 Bd7 28. e5 f5 29. g4 Ke7 30. gxf5 gxf5 31. e6 Bxe6 32. dxe6 Kxe6 33. Ke2 b5
34. Bc2 h5 35. Bb3+ Kd6 36. Kd3 h4 37. Kxd4 b6 38. Bd5 a5 39. b3 a4 40. b4 a3
41. h3 Kd7 42. Ke5 Kc7 43. Kxf5 Kd7 44. Kf6 Ke8 45. Bc6+ Kf8 46. f5 Kg8 47. Ke7
Kh7 48. f6 Kg6 49. f7 Kg5 50. f8=Q Kg6 51. Bf3 Kh7 52. Be4# {Hossa checkmated}
1-0

[Event "ICS rated standard match"]
[Site "204.178.125.65"]
[Date "2001.08.15"]
[Round "?"]
[White "Hossa"]
[Black "PostModernist"]
[Result "1-0"]
[WhiteElo "2165"]
[BlackElo "2512"]
[PlyCount "109"]
[EventDate "2001.??.??"]

1. e4 c5 2. Nf3 Nc6 3. Bb5 d6 4. O-O Bd7 5. Re1 Nf6 6. c3 a6 7. Bxc6 Bxc6 8. e5
dxe5 9. Nxe5 Qd5 10. Nxc6 Qxc6 11. d3 e6 12. Na3 b5 13. Nc2 Be7 14. Bg5 O-O 15.
Bxf6 Bxf6 16. Ne3 Be5 17. Qh5 Bc7 18. Rad1 Rad8 19. Re2 f5 20. Nf1 Rf6 21. Ree1
Rg6 22. Ng3 b4 23. Qh4 Rg4 24. Qh3 Qd5 25. c4 Qd7 26. Qh5 g6 27. Qh6 e5 28. Nf1
Rd4 29. Ne3 Rxd3 30. Rxd3 Qxd3 31. Nd5 Bd6 32. Nf6+ Kf7 33. Nd5 Bf8 34. Qxh7+
Bg7 35. Qh4 Re8 36. a3 Qd2 37. Rb1 Qc2 38. Rf1 b3 39. Nc7 Rh8 40. Qg5 Bh6 41.
Qh4 Qxb2 42. Nd5 g5 43. Qh5+ Kg7 44. Ne3 e4 45. Nxf5+ Kf8 46. Qg6 Bg7 47. Nd6
Ke7 48. Rd1 Bd4 49. Nf5+ Kf8 50. Qd6+ Kf7 51. Rxd4 Qxd4 52. Qe7+ Kg6 53. Nxd4
cxd4 54. Qxe4+ Kh5 55. g4+ {PostModernist resigns} 1-0

[Event "ICS rated standard match"]
[Site "204.178.125.65"]
[Date "2001.08.15"]
[Round "?"]
[White "Hossa"]
[Black "Tinker"]
[Result "1-0"]
[WhiteElo "2193"]
[BlackElo "2323"]
[PlyCount "91"]
[EventDate "2001.??.??"]

1. e4 e5 2. Nf3 Nc6 3. Bb5 Nb8 4. O-O c6 5. Ba4 d6 6. d4 Bg4 7. dxe5 Nd7 8.
exd6 Nc5 9. Bb3 Nxb3 10. axb3 Qxd6 11. Qe2 Qc5 12. Be3 Bxf3 13. Qxf3 Qxc2 14.
Rxa7 Rxa7 15. Bxa7 Nf6 16. Qg3 Nd7 17. Qc7 Be7 18. Nc3 Qxb3 19. Rd1 Qe6 20.
Qc8+ Bd8 21. Na4 Qe7 22. Qxb7 h5 23. Qxc6 Rh6 24. Qd5 Bc7 25. Bc5 Nxc5 26. Qa8+
Bd8 27. Nxc5 Rd6 28. Qa4+ Kf8 29. b4 Bc7 30. Qa8+ Qe8 31. Qxe8+ Kxe8 32. Rxd6
Bxd6 33. Nd3 Kd7 34. e5 Be7 35. b5 Ke6 36. g3 Bd8 37. h4 g6 38. f4 Kd5 39. Nf2
Bb6 40. Kg2 Bd4 41. Kf3 f6 42. Nd3 fxe5 43. Nxe5 Bxe5 44. fxe5 Kxe5 45. g4 Kf6
46. gxh5 {Tinker resigns} 1-0

[Event "ICS rated bullet match"]
[Site "204.178.125.65"]
[Date "2001.08.15"]
[Round "?"]
[White "Tinker"]
[Black "Hossa"]
[Result "1/2-1/2"]
[WhiteElo "2607"]
[BlackElo "2448"]
[PlyCount "113"]
[EventDate "2001.??.??"]

1. e4 c5 2. Nf3 d6 3. d4 cxd4 4. Nxd4 Nf6 5. Nc3 g6 6. Be3 Bg7 7. Be2 O-O 8.
O-O Re8 9. Qd2 Ng4 10. Bxg4 Bxg4 11. f3 Bd7 12. Qf2 Na6 13. Ndb5 Bxb5 14. Nxb5
Bxb2 15. Rab1 Bg7 16. Bxa7 Qd7 17. Rfd1 Nc7 18. c4 Rec8 19. Nxc7 Qxc7 20. Rb4
Bc3 21. Rb5 Qd7 22. Rdb1 Rc7 23. Be3 Ra4 24. c5 d5 25. Qc2 Ra3 26. exd5 Qxd5
27. Qc1 Qxa2 28. Rxb7 Rc8 29. Rb8 Ra8 30. Rxc8+ Rxc8 31. Rb7 Qd5 32. Rxe7 Bd4
33. Bxd4 Qxd4+ 34. Qe3 Qxe3+ 35. Rxe3 Rxc5 36. Re8+ Kg7 37. Re4 Rc2 38. Kf1 Kf6
39. Rf4+ Ke6 40. Rh4 h5 41. Re4+ Kf6 42. Kg1 Rd2 43. Rf4+ Ke6 44. Kf1 f5 45.
Rc4 g5 46. h4 g4 47. Rc6+ Rd6 48. Rxd6+ Kxd6 49. Kf2 Ke5 50. Ke3 f4+ 51. Kd3
gxf3 52. gxf3 Kd5 53. Kc3 Kc5 54. Kd3 Kd5 55. Kc3 Kc5 56. Kd3 Kd5 57. Kc3 {
Game drawn by repetition} 1/2-1/2

[Event "ICS rated bullet match"]
[Site "204.178.125.65"]
[Date "2001.08.15"]
[Round "?"]
[White "Hossa"]
[Black "Tinker"]
[Result "0-1"]
[WhiteElo "2455"]
[BlackElo "2600"]
[PlyCount "154"]
[EventDate "2001.??.??"]

1. d4 Nf6 2. Nf3 e6 3. g3 c5 4. Bg2 cxd4 5. O-O d5 6. Nxd4 e5 7. Nb3 Nc6 8. f4
Bg4 9. fxe5 Nxe5 10. Nc3 Be6 11. Bg5 Qb6+ 12. Qd4 Qxd4+ 13. Nxd4 Bc5 14. Rad1
Nc4 15. b3 Nb2 16. Rd2 Bb4 17. Ndb5 Rc8 18. Bxf6 gxf6 19. Rb1 Rxc3 20. Rxb2 a6
21. a3 Bc5+ 22. Nd4 Bxa3 23. Rb1 Bc5 24. e4 dxe4 25. Bxe4 b6 26. Rf1 f5 27. Rf3
Rxf3 28. Bxf3 Ke7 29. Kf2 f6 30. Ke3 Re8 31. Kf4 Bxd4 32. Rxd4 Rc8 33. c4 Rb8
34. Rd3 Bd7 35. Re3+ Kf8 36. Rd3 Be6 37. Bc6 Ke7 38. Bf3 a5 39. Rd1 b5 40. Bd5
bxc4 41. Re1 cxb3 42. Rxe6+ Kd7 43. Re1 Rb4+ 44. Kxf5 Rb5 45. Ke4 Kd6 46. Rf1
Rb4+ 47. Kd3 Kxd5 48. Kc3 Rb6 49. Rd1+ Ke6 50. Re1+ Kf7 51. Kb2 a4 52. Rc1 Kg6
53. Ra1 Rb4 54. Ka3 Rb7 55. Kb2 Ra7 56. Rf1 Kg5 57. Kc3 h5 58. h3 Re7 59. Rf3
Rc7+ 60. Kb2 Rc2+ 61. Ka3 Ra2+ 62. Kb4 b2 63. Rf1 Ra1 64. Rb1 Rxb1 65. Ka3 h4
66. gxh4+ Kxh4 67. Ka2 a3 68. Kxa3 Rc1 69. Kxb2 Rc8 70. Kb1 f5 71. Kb2 f4 72.
Kb3 f3 73. Ka4 f2 74. Ka5 f1=R 75. Ka6 Rb1 76. Ka7 Rb2 77. Ka6 Ra8# {
Hossa checkmated} 0-1

[Event "ICS rated blitz match"]
[Site "204.178.125.65"]
[Date "2001.08.15"]
[Round "?"]
[White "Hossa"]
[Black "autoplayer"]
[Result "0-1"]
[WhiteElo "2510"]
[BlackElo "2313"]
[PlyCount "68"]
[EventDate "2001.??.??"]

1. e4 e5 2. Nf3 Nc6 3. Bb5 a6 4. Bc4 Nf6 5. Ng5 d5 6. exd5 Na5 7. d3 b5 8. Bb3
Nxb3 9. axb3 Qxd5 10. O-O Bb7 11. Nf3 Bd6 12. Bg5 e4 13. dxe4 Qxd1 14. Rxd1
Nxe4 15. Be3 O-O-O 16. Re1 Rhe8 17. Rc1 f5 18. Bd4 g5 19. c3 c5 20. Be3 f4 21.
Bd2 g4 22. Ne1 Nxd2 23. Nxd2 Re2 24. Rc2 Rde8 25. Nd3 f3 26. gxf3 gxf3 27. Rd1
Rg8+ 28. Kh1 Rg2 29. Rcc1 Rxh2+ 30. Kg1 Rg2+ 31. Kh1 Re6 32. Nxf3 Bxf3 33. Nf4
Rh6+ 34. Nh3 Rxh3# {Hossa checkmated} 0-1

[Event "ICS rated blitz match"]
[Site "204.178.125.65"]
[Date "2001.08.15"]
[Round "?"]
[White "monsoon"]
[Black "Hossa"]
[Result "1/2-1/2"]
[WhiteElo "2554"]
[BlackElo "2486"]
[PlyCount "152"]
[EventDate "2001.??.??"]

1. e4 c5 2. Nf3 d6 3. d4 cxd4 4. Nxd4 Nf6 5. Nc3 g6 6. Be3 Bg7 7. f3 O-O 8. Qd2
Nc6 9. Bc4 Nxd4 10. Bxd4 Qc7 11. Bb3 Qa5 12. O-O Qh5 13. a3 Bd7 14. Nd5 Nxd5
15. Bxg7 Kxg7 16. Bxd5 Bc6 17. Qc3+ Kg8 18. Bxc6 Rfc8 19. Qd4 Rxc6 20. c3 Rc5
21. Rac1 Rb5 22. c4 Ra5 23. Kh1 Qh4 24. f4 Rh5 25. h3 b6 26. Rcd1 Rc8 27. b4
Qg3 28. Rd3 Qg4 29. Rc3 Qe2 30. Rcc1 Rc7 31. e5 Rc6 32. Rfe1 Qg4 33. b5 Rc8 34.
exd6 exd6 35. Re7 Qg3 36. Rc3 Qh4 37. Rce3 Re5 38. Rxa7 Rxe3 39. Qxe3 Qf6 40.
Ra4 Qd8 41. Qe4 Kg7 42. Ra6 Rb8 43. a4 Qf6 44. a5 bxa5 45. Rxa5 Rc8 46. b6 Qb2
47. b7 Rb8 48. Rb5 Qf2 49. Kh2 Kf8 50. f5 g5 51. Qc6 Qf4+ 52. Kg1 Qc1+ 53. Kf2
Qd2+ 54. Kf3 h5 55. Qc8+ Kg7 56. f6+ Kg6 57. Qxb8 Qf4+ 58. Ke2 Qxc4+ 59. Kd1
Qd3+ 60. Kc1 Qc4+ 61. Kb2 Qxb5+ 62. Kc3 Qc5+ 63. Kd3 Qf5+ 64. Kd4 Qf2+ 65. Kc3
Qe1+ 66. Kc4 Qe2+ 67. Kb3 Qe3+ 68. Ka2 Qd2+ 69. Ka3 Qc3+ 70. Ka4 Qc4+ 71. Ka5
Qc5+ 72. Ka6 Qa3+ 73. Kb6 Qc5+ 74. Ka6 Qa3+ 75. Kb6 Qc5+ 76. Ka6 Qa3+ {
Game drawn by repetition} 1/2-1/2

[Event "ICS Rated bullet match"]
[Site "204.178.125.65"]
[Date "2001.08.15"]
[Round "?"]
[White "NDA"]
[Black "Hossa"]
[Result "1-0"]
[WhiteElo "2432"]
[BlackElo "2445"]
[PlyCount "139"]
[EventDate "2001.??.??"]

1. c4 c6 2. Nc3 Nf6 3. Nf3 e6 4. e4 d5 5. e5 Nfd7 6. d4 dxc4 7. Bxc4 Be7 8. Qc2
b6 9. Bd3 h6 10. Be4 Ba6 11. Qa4 Qc7 12. Bd2 O-O 13. Rc1 f5 14. Bc2 Rd8 15. Qb3
Nf8 16. Bxf5 Qd7 17. Be4 Kh8 18. a3 Kg8 19. Be3 Qb7 20. Rd1 Kh8 21. Qc2 Bc4 22.
Rc1 Qd7 23. Nd2 Ba6 24. Rd1 Qb7 25. b4 Qd7 26. Rb1 Rc8 27. Rc1 Kg8 28. g4 Bh4
29. Nf3 Be7 30. g5 hxg5 31. Rg1 Bd8 32. Nxg5 Bc4 33. Nf3 Rc7 34. Nd2 Ba6 35.
Rg4 Qe8 36. h4 Qh5 37. Bf3 Qh8 38. h5 Qh7 39. Qxh7+ Nxh7 40. h6 Rf7 41. b5 Bb7
42. Ne2 cxb5 43. Bxb7 Rxb7 44. Rc8 Rd7 45. Rxg7+ Rxg7 46. Rxd8+ Nf8 47. hxg7
Kxg7 48. Nf4 a6 49. d5 exd5 50. Nxd5 b4 51. axb4 a5 52. Nxb6 Ne6 53. Rd6 Ra7
54. bxa5 Kf7 55. Ndc4 Re7 56. f4 Ng7 57. f5 Rb7 58. Rg6 Nxf5 59. Rf6+ Kg7 60.
Rxf5 Nc6 61. Rg5+ Kh8 62. Nd5 Rb1+ 63. Ke2 Rh1 64. Nf6 Ne7 65. a6 Ra1 66. Nd6
Ra2+ 67. Kf3 Rf2+ 68. Kxf2 Ng6 69. Nf5 Nxe5 70. Rg8# {Hossa checkmated} 1-0

[Event "ICS Rated standard match"]
[Site "204.178.125.65"]
[Date "2001.08.15"]
[Round "?"]
[White "AvernoX"]
[Black "Hossa"]
[Result "0-1"]
[WhiteElo "2192"]
[BlackElo "2215"]
[PlyCount "40"]
[EventDate "2001.??.??"]

1. e4 c5 2. d4 cxd4 3. Qxd4 Nc6 4. Qa4 e5 5. Nf3 Bc5 6. Qb5 d6 7. Bc4 Nf6 8.
Ng5 O-O 9. c3 Qd7 10. Nd2 a6 11. Qb3 Qg4 12. Nxf7 Qxg2 13. Rf1 Na5 14. Nxe5+
Kh8 15. Qa4 dxe5 16. Qxa5 b6 17. Qa4 Ng4 18. Bd5 b5 19. Qb3 Rxf2 20. c4 Re2+ {
AvernoX resigns} 0-1

[Event "ICS rated standard match"]
[Site "204.178.125.65"]
[Date "2001.08.15"]
[Round "?"]
[White "Tinker"]
[Black "Hossa"]
[Result "0-1"]
[WhiteElo "2285"]
[BlackElo "2230"]
[PlyCount "116"]
[EventDate "2001.??.??"]

1. e4 c5 2. Nf3 d6 3. d4 cxd4 4. Nxd4 Nf6 5. Nc3 a6 6. Bg5 e6 7. f4 Qb6 8. Nb3
Nbd7 9. Qf3 Be7 10. Rd1 O-O 11. Be2 Rd8 12. Qg3 Qc7 13. O-O Re8 14. Rd4 b5 15.
Bf3 e5 16. fxe5 Nxe5 17. Be2 Kh8 18. Kh1 Be6 19. Rfd1 Rab8 20. a3 Nc4 21. Rb1
Nd7 22. Bxe7 Rxe7 23. Rdd1 Nde5 24. Nd4 Ree8 25. Nxe6 fxe6 26. Na2 Rf8 27. Rd4
Qc5 28. c3 a5 29. Nc1 Qc6 30. Nb3 a4 31. Na1 Rf6 32. Nc2 Rbf8 33. Nb4 Qd7 34.
Qe1 Ne3 35. Qg3 N5c4 36. Rg1 Qb7 37. Bf3 Qa7 38. Re1 Qc5 39. Rd3 Rh6 40. Na6
Qb6 41. Nb4 d5 42. Rdxe3 Nxe3 43. Qg5 dxe4 44. Qxe3 Qd6 45. Bh5 Rxh5 46. h3
Rhf5 47. Kg1 Rf4 48. Qd4 Qxd4+ 49. cxd4 Rd8 50. Nc2 Kg8 51. Re2 g5 52. g3 Rf3
53. Rxe4 Rxg3+ 54. Kh2 Rb3 55. Re5 Rxb2 56. Rxg5+ Kf7 57. Rc5 Rxd4 58. Kg3 Rb3+
{Tinker resigns} 0-1